000 00667nam a2200277Ia 4500
005 20260324134940.0
008 008 260324s9999 xx 000 0 eng d
020 _a9781315248127
037 _aEBOOK
040 _aCRL
040 _beng
040 _cCRL
041 _2eng
041 _aeng
084 _qCRL
100 _aBarbara A. Suess; Julie Nash
_91198766
245 0 _aNew Approaches to the Literary Art of Anne Brontë
260 _bTaylor and Francis
260 _c2001
365 _a
365 _b255
856 _uhttp://www.taylorfrancis.com/books/9781315248127
942 _cEBOOK
999 _c1799350
_d1799350